000 01922cam a2200253 4500500
005 20251228075710.0
041 _afre
042 _adc
100 1 0 _aVillavicencio, Susana
_eauthor
700 1 0 _aVermeren, Patrice
_eauthor
245 0 0 _aLa Réforme de l’Université saisie par la philosophie : présentation du texte de José Ingenieros, L’Université de l’avenir (1916)
260 _c2019.
500 _a18
520 _aL’Université de l’avenir, selon José Ingenieros en 1916, doit acquérir de nouveau l’unité d’esprit qu’elle a perdue de par son inadaptation à l’époque et au milieu, et insuffler à tous ceux qui la fréquentent la culture générale qui rejaillira sur toute la société dont elle aspire à représenter l’idéologie, et singulièrement les sciences, qui sont des techniques d’économie sociale, et la philosophie, qui est un processus d’unification des idées générales pour déployer l’horizon de l’expérience humaine.
520 _aThe University of the future, according to José Ingenieros in 1916, has to reacquire the unity of spirit it has lost because of its failure to adapt to its time and environment. It has to pass on general knowledge to all students, which will in turn benefit to all of society. It should aim to represent the whole society’s ideology; particularly the sciences, which are technics of social economy, and philosophy, which is a process of unification of general ideas, in order to open the horizon of human experience.
690 _aculture générale
690 _aréforme de l’Université
690 _aunité de l’esprit
690 _ageneral knowledge
690 _aunity of spirit
690 _aUniversity reform
786 0 _nLe Télémaque |  54 | 2 | 2019-06-24 | p. 99-103 | 1263-588X
856 4 1 _uhttps://shs.cairn.info/revue-le-telemaque-2018-2-page-99?lang=fr&redirect-ssocas=7080
999 _c1598064
_d1598064